| 000 | 00717cam a2200241ua 4500 | ||
|---|---|---|---|
| 001 | 5366 | ||
| 008 | 191012n ii |||gr||||Z||||||eng | ||
| 020 | _a81-7646-294-2 | ||
| 040 | _cMAIN | ||
| 041 | _aeng | ||
| 082 | _a821.54 | ||
| 100 |
_aSinha, Ravi Nandan, _d1952-, _eAuthor., |
||
| 245 |
_aPoetry of Keki N. Daruwalla : _ba critical study / _cby Ravi Nandan Sinha . |
||
| 250 | _bIndian writers series. | ||
| 260 |
_aDelhi: _bB.R. publishing corporation, _c2002. |
||
| 300 | _axiv,173p. | ||
| 653 | _aIndian literature in English | ||
| 653 | _aIndian poetry in English | ||
| 653 | _aPoetry of N. Daruwalla | ||
| 653 | _aIndian English poetry | ||
| 700 |
_aDwivedi, A.N., _eGeneral editor. |
||
| 942 | _cBK | ||
| 999 |
_c4547 _d4547 |
||